000 00303nam a2200109Ia 4500
008 200302s9999 xx 000 0 und d
100 _aMichael Webb & Other
245 _aLiving With Nature House Design Javier Barba
260 _bThe Images Publishing Group Pvt. Ltd.
260 _c1999
300 _a112 P.,
999 _c5578
_d5578